Agricultural Holdings (Units of Production) (England) Order 2005 (Record no. 104764)
[ view plain ]
| 000 -LEADER | |
|---|---|
| fixed length control field | 01400cam a2200229 4500 |
| 001 - CONTROL NUMBER | |
| control field | ##L131442 |
| 008 - FIXED-LENGTH DATA ELEMENTS--GENERAL INFORMATION | |
| fixed length control field | 051103n2005 000 0 eng u |
| 020 ## - INTERNATIONAL STANDARD BOOK NUMBER | |
| International Standard Book Number | 0110734734 |
| 035 ## - SYSTEM CONTROL NUMBER | |
| System control number | (Sirsi) u131442 |
| 041 0# - LANGUAGE CODE | |
| Language code of text/sound track or separate title | eng |
| 050 04 - LIBRARY OF CONGRESS CALL NUMBER | |
| Classification number | 630 $2 18 |
| 245 00 - TITLE STATEMENT | |
| Title | Agricultural Holdings (Units of Production) (England) Order 2005 |
| 260 ## - PUBLICATION, DISTRIBUTION, ETC. | |
| Place of publication, distribution, etc. | London |
| Name of publisher, distributor, etc. | TSO |
| Date of publication, distribution, etc. | 2005 |
| 490 ## - SERIES STATEMENT | |
| Series statement | SI |
| Volume/sequential designation | 2005: 2867 |
| 520 ## - SUMMARY, ETC. | |
| Summary, etc. | Prescribes units of production for the assessment of the productive capacity of agricultural land situated in England and sets out the amount which is to be regarded as the net annual income from each such unit for the year 7 November 2005 to 6 November 2006 inclusive. An assessment of the productive capacity of agricultural land is required in determining whether or not the land in question is a commercial unit of agricultural land for the purposes of the succession provisions in the Agricultural Holdings Act 1986. This Order revokes the Agricultural Holdings (Units of Production) (England) Order 2004. |
| 590 ## - LOCAL NOTE (RLIN) | |
| Local note | IKA081105 |
| 650 24 - SUBJECT ADDED ENTRY--TOPICAL TERM | |
| Topical term or geographic name entry element | AGRICULTURAL HOLDINGS ACT 1986 |
| 650 24 - SUBJECT ADDED ENTRY--TOPICAL TERM | |
| Topical term or geographic name entry element | AGRICULTURAL HOLDINGS (UNITS OF PRODUCTION) (ENGLAND) ORDER 2004 |
| 690 ## - LOCAL SUBJECT ADDED ENTRY--TOPICAL TERM (OCLC, RLIN) | |
| Topical term or geographic name as entry element | PROPERTY-RURAL AND NATURAL ASSETS-AGRICULTURAL PROPERTY-AGRICULTURAL LAND-ARABLE LAND |
| 856 41 - ELECTRONIC LOCATION AND ACCESS | |
| Uniform Resource Identifier | <a href="https://www.opsi.gov.uk/si/si2005/20052867.htm">https://www.opsi.gov.uk/si/si2005/20052867.htm</a> |
| Public note | View the Order free of charge at www.opsi.gov.uk... |
| 942 ## - ADDED ENTRY ELEMENTS (KOHA) | |
| Suppress in OPAC | 0 |
| Withdrawn status | Lost status | Source of classification or shelving scheme | Damaged status | Not for loan | Home library | Current library | Shelving location | Date acquired | Total Checkouts | Full call number | Barcode | Date last seen | Copy number | Price effective from | Koha item type |
|---|---|---|---|---|---|---|---|---|---|---|---|---|---|---|---|
| Dewey Decimal Classification | Virtual | Virtual | Online | 03/11/2005 | ONLINE PUBLICATION | 131442-2001 | 06/08/2019 | 1 | 06/08/2019 | Book |